000 00284nam a22001337a 4500
008 170926b xxu||||| |||| 00| 0 eng d
020 _a9780060637637
041 _aeng
080 _a37
100 _a46
101 _aEDU
245 _aBASIC WRITINGS
_cHEIDEGGER,M
942 _2udc
_cBK
999 _c29923
_d29923